| 000 | 00732nam a22001935i 4500 | ||
|---|---|---|---|
| 001 | 162189 | ||
| 003 | ES-MaACL | ||
| 005 | 20230906212441.0 | ||
| 008 | 940301s1892 fr |||| | fre d | ||
| 040 |
_aAS _bspa |
||
| 100 | 1 |
_aPioger, Julien. _9131174 |
|
| 245 | 1 | 3 |
_aLe monde physique _b: essai de conception expérimentale / _cpar le Dr. Julien Pioger. |
| 260 |
_aParis : _bAncienne librairie Germer Baillière & c\pie\s, Félix Alcan éditeur, _c1892 ( _eLe Mans : _fAss. ouv. de l'imp. Drouin) |
||
| 300 |
_a174 p. ; _c19 cm. |
||
| 490 | 1 | _aBibliothèque de philosophie contemporainé | |
| 830 | 0 |
_aBibliothèque de philosophie contemporainé _9181027 |
|
| 852 |
_aES-MaACL _jF-11627 _z-- Enc. pasta |
||
| 999 |
_c162189 _d162189 |
||